<?xml version="1.0" encoding="UTF-8"?>
<record
    xmlns:xsi="http://www.w3.org/2001/XMLSchema-instance"
    xsi:schemaLocation="http://www.loc.gov/MARC21/slim http://www.loc.gov/standards/marcxml/schema/MARC21slim.xsd"
    xmlns="http://www.loc.gov/MARC21/slim">

  <leader>00879cam a2200265 i 4500</leader>
  <controlfield tag="001">sa 68002403 </controlfield>
  <controlfield tag="003">DLC</controlfield>
  <controlfield tag="005">20260227112442.0</controlfield>
  <controlfield tag="008">860521m19621983ii            00010 hin  </controlfield>
  <datafield tag="010" ind1=" " ind2=" ">
    <subfield code="a">sa 68002403 </subfield>
  </datafield>
  <datafield tag="020" ind1=" " ind2=" ">
    <subfield code="c">Rs. 4.00 (v. 1 : varies for each vol.)</subfield>
  </datafield>
  <datafield tag="040" ind1=" " ind2=" ">
    <subfield code="a">DLC</subfield>
    <subfield code="c">DLC</subfield>
    <subfield code="d">DLC</subfield>
  </datafield>
  <datafield tag="043" ind1=" " ind2=" ">
    <subfield code="a">a-ii---</subfield>
  </datafield>
  <datafield tag="050" ind1="0" ind2="0">
    <subfield code="a">PK2033</subfield>
    <subfield code="b">.S48 1962</subfield>
  </datafield>
  <datafield tag="100" ind1="1" ind2="0">
    <subfield code="a">Shukla, Ram Chandra,</subfield>
    <subfield code="d">1884-1941.</subfield>
  </datafield>
  <datafield tag="245" ind1="1" ind2="0">
    <subfield code="a">Cint&#x101;ma&#x1E47;i.</subfield>
    <subfield code="p">Lekhaka R&#x101;macandra &#x15A;ukla.</subfield>
  </datafield>
  <datafield tag="260" ind1="0" ind2=" ">
    <subfield code="a">Pray&#x101;ga :</subfield>
    <subfield code="b">I&#x1E47;&#x1E0D;iyana Presa (Pablike&#x15B;a&#x1E43;sa),</subfield>
    <subfield code="c">1962 or 63-1983.</subfield>
  </datafield>
  <datafield tag="300" ind1=" " ind2=" ">
    <subfield code="a">3 v. ;</subfield>
    <subfield code="c">18 cm.</subfield>
  </datafield>
  <datafield tag="500" ind1=" " ind2=" ">
    <subfield code="a">In Hindi.</subfield>
  </datafield>
  <datafield tag="500" ind1=" " ind2=" ">
    <subfield code="a">Vol. 2 has imprint: Sarasvat&#x12B; Mandira, V&#x101;r&#x101;&#x1E47;as&#x12B;.</subfield>
  </datafield>
  <datafield tag="500" ind1=" " ind2=" ">
    <subfield code="a">Vol. 3 edited by N&#x101;mavara Si&#x1E43;ha.</subfield>
  </datafield>
  <datafield tag="500" ind1=" " ind2=" ">
    <subfield code="a">Vol. 3 has imprint: Nay&#x12B; Dill&#x12B; : R&#x101;jakamala Prak&#x101;&#x15B;ana.</subfield>
  </datafield>
  <datafield tag="650" ind1=" " ind2="0">
    <subfield code="a">Hindi literature</subfield>
    <subfield code="x">History and criticism.</subfield>
  </datafield>
  <datafield tag="650" ind1=" " ind2="0">
    <subfield code="a">Ethics.</subfield>
  </datafield>
  <datafield tag="999" ind1=" " ind2=" ">
    <subfield code="c">78689</subfield>
    <subfield code="d">78689</subfield>
  </datafield>
</record>
